Visualizzazione normale
Vista MARC
- Burgos (España)
di Geographic Name
Records bibliografici associati: 3
001 - CONTROL NUMBER
- control field: 31463
003 - CONTROL NUMBER IDENTIFIER
- control field: IT-RoINE
005 - DATE AND TIME OF LATEST TRANSACTION
- control field: 20170223111902.0
008 - FIXED-LENGTH DATA ELEMENTS
- fixed length control field: 170223|| aca||aabn | a|a d
040 ## - CATALOGING SOURCE
- Original cataloging agency: IT-RoINE
- Transcribing agency: IT-RoINE
151 ## - HEADING--GEOGRAPHIC NAME
- Geographic name: Burgos (España)
- General subdivision: Historia eclesiástica
670 ## - SOURCE DATA FOUND
- Source citation: Work cat.: (IT-RoINE)0: Orcajo, Pedro 31461, Historia de la Catedral de Burgos : , 1997.